Exposicions temporals, activitats i tallers : La Pahissa del Marquet : Arts-Lletres-Natura : De gener a maig del 2023 / De gener a maig del 2023 /
Descripción Física:
1 fulletó : 10 pàg. ; il·lustrcions color ; 21 x 10 cm
Materias:
Parc Natural de Sant Llorenç del Munt i l'Obac (Catalunya) -- Activitats culturals
; Barcelona (Catalunya : Província). -- Xarxa de Parcs Naturals -- Activitats culturals
; Fulletons
Idioma:
Catalán
MARC
| LEADER | 00000nam a22000007a 4500 | ||
|---|---|---|---|
| 001 | 28421 | ||
| 003 | AGDB | ||
| 005 | 20260324181522.0 | ||
| 008 | 240308b spa||||| |||| 00| 0 cat d | ||
| 017 | |a B 6689-2023 | ||
| 040 | |a agdb |b cat | ||
| 110 | 1 | |a Parc Natural de Sant Llorenç del Munt i l'Obac (Catalunya) |9 10145 | |
| 245 | |a Exposicions temporals, activitats i tallers : La Pahissa del Marquet : Arts-Lletres-Natura : |b De gener a maig del 2023 / |c Parc Natural de Sant Llorenç del Munt i l'Obac | ||
| 260 | |a Barcelona : |b Diputació de Barcelona. Xarxa de Parcs Naturals ; |c 2023 | ||
| 300 | |a 1 fulletó : 10 pàg. ; |b il·lustrcions color ; |c 21 x 10 cm | ||
| 610 | 2 | 0 | |a Parc Natural de Sant Llorenç del Munt i l'Obac (Catalunya) |x Activitats culturals |9 52894 |
| 610 | 1 | 0 | |a Barcelona (Catalunya : Província). |b Xarxa de Parcs Naturals |x Activitats culturals |9 52895 |
| 655 | 0 | |a Fulletons |9 55858 | |
| 710 | 1 | |a Barcelona (Catalunya : Província). |b Xarxa de Parcs Naturals |9 7250 | |
| 710 | 1 | |a Barcelona (Catalunya : Província). |b Gerència de Serveis d’Espais Naturals |9 52730 | |
| 856 | |u https://parcs.diba.cat/documents/71785/344414569/sant_llorenc_exposicions_temporals_marquet_roques_2023_fullet.pdf/7cfe0de8-0d45-2325-8b03-79f07381c873?t=1681197294798 |y Accés lliure (portal Xarxa de Parcs Naturals) | ||
| 942 | |2 udc |c ARXIU |n 1 | ||
| 952 | |0 0 |1 0 |4 0 |6 FU7669 |7 1 |9 96828 |a Arxiu |b Arxiu |d 2024-03-08 |l 0 |o FU-76-69 |p 28421 |r 2024-03-08 00:00:00 |w 2024-03-08 |y ARXIU | ||
| 999 | |c 128665 |d 128665 | ||